Тэрслүү охидод зориулсан бяцхан түүхүүд (Бичлэгийн дугаар. 925311)

MARC дэлгэрэнгүй
000 -Удирдлага
Ном зүйн бүртгэл тоо буюу кодлох утгыг агуулсан 00970nam a22002417a 4500
008 - ЕРӨНХИЙ МЭДЭЭЛЭЛ-ЭЛЕМЕНТҮҮДИЙН ӨГӨГДЛИЙН УРТ
fixed length control field 240619b mp ||||| |||| 00| 0 mon d
020 ## - ОЛОН УЛСЫН СТАНДАРТ НОМЫН ДУГААР-ISBN
Олон Улсын Стандарт Номын Дугаар 978-99973-1-504-4
035 ## - СИСТЕМИЙН ХЯНАЛТЫН ДУГААР
Системийн хяналтын дугаар 24281
040 ## - ЭХ СУРВАЛЖИЙГ ТОДОРХОЙЛОН БИЧИХ
Анхны каталогийн байгууллага UV1862160
Каталогийн хэл Монгол
Бичлэг хийж нэвтрүүлэх байгууллага MN-UlNLM
Өөрчлүүлэх байгууллага MN-UlNLM
Бичиглэлийн тодорхойлолт rda
041 ## - ХЭЛНИЙ КОД
Текстийн хэлний код/фонограм буюу салангид гарчиг Монгол
042 ## - AUTHENTICATION CODE
Authentication code 81563
082 ## - ДЬЮИ АРАВТЫН АНГИЛЛЫН ДУГААР
Дьюигийн аравтын ангилал 10-t
Classification number 158.92
Item number Ф.859
100 ## - ЗОХИОГЧИЙН ХЭСЭГ
Зохиогчийн нэр Фавилли Э., Франческа К.
245 #0 - ҮНДСЭН ГАРЧИГ
Гарчиг Тэрслүү охидод зориулсан бяцхан түүхүүд
264 ## - ГАРАЛТЫН МЭДЭЭ
Хэвлэгдсэн газар Улаанбаатар
Бүтээгч, хэвлэгч, түгээгч, үйлдвэрлэгчийн нэр Монсудар ХГ
Хэвлэгдсэн он 2017
300 ## - ТООНЫ МЭДЭЭ
Хуудасны тоо 212х.
336 ## - АГУУЛГЫН ТӨРӨЛ
Нөөц rdacontent
Агуулгын төрлийн нөхцөл text
Агуулгын төрлийн код txt
337 ## - MEDIA TYPE
Эх сурвалж rdamedia
Файлын төрөл unmediated
Файлын код n
338 ## - CARRIER TYPE
Source rdacarrier
Carrier type term volume
Carrier type code nc
650 ## - Сэдэв
Сэдэв Энэхүү номд дурдагдсан гайхалтай бүсгүйчүүд ямар чухал нээлт хийж, ямар их зүрх зориг шаардсан адал явдал туулж, хэчнээн сод уха...
942 ## - ЭЛЕМЕНТИЙН ТӨРӨЛ
Анги Аравтын ангилал
Төрөл Ном
Захиалгууд
Буцаан татагдсан төлөв Хасагдсан шалтгаан Гэмтсэн төлөв Данс заагч Захиалах боломжгүй Үндсэн номын сан Одоогийн байршил Салбар танхим Салбар танхим Бүртгэсэн огноо Тавиурын заалт Баркод Үнэ Хамгийн сүүлд байсан огноо Нийт уншлаганд гарсан тоо Дансны дугаар Төрөл
          Өвөрхангай аймаг Өвөрхангай аймаг Өвөрхангай | Боловсрол танхим Өвөрхангай | Боловсрол танхим 2024-06-20 158.92 Ф.859 UV18624281-4-1 29899.00 2024-06-20   52143 Ном
          Өвөрхангай аймаг Өвөрхангай аймаг Өвөрхангай | Гэрээр олгох танхим Өвөрхангай | Гэрээр олгох танхим 2024-06-20 158.92 Ф.859 UV18624281-5-1 29900.00 2024-06-20   51319 Ном